<?xml version="1.0" encoding="UTF-8"?>
<record
    xmlns:xsi="http://www.w3.org/2001/XMLSchema-instance"
    xsi:schemaLocation="http://www.loc.gov/MARC21/slim http://www.loc.gov/standards/marcxml/schema/MARC21slim.xsd"
    xmlns="http://www.loc.gov/MARC21/slim">

  <leader>00890nam a22001697a 4500</leader>
  <datafield tag="999" ind1=" " ind2=" ">
    <subfield code="c">60812</subfield>
    <subfield code="d">60812</subfield>
  </datafield>
  <controlfield tag="005">20231024163013.0</controlfield>
  <controlfield tag="008">231024s2005    ru ||||| |||| 00| 0 rus d</controlfield>
  <datafield tag="020" ind1=" " ind2=" ">
    <subfield code="a">5020102717</subfield>
  </datafield>
  <datafield tag="041" ind1=" " ind2=" ">
    <subfield code="a">rus</subfield>
  </datafield>
  <datafield tag="080" ind1=" " ind2=" ">
    <subfield code="a">902/904+73(47) &#x41E;-56</subfield>
  </datafield>
  <datafield tag="100" ind1=" " ind2=" ">
    <subfield code="a">&#x41E;&#x43B;&#x44C;&#x445;&#x43E;&#x432;&#x441;&#x43A;&#x438;&#x439;, &#x412;. &#x421;.</subfield>
    <subfield code="9">20223</subfield>
  </datafield>
  <datafield tag="245" ind1=" " ind2=" ">
    <subfield code="a">&#x41C;&#x43E;&#x43D;&#x443;&#x43C;&#x435;&#x43D;&#x442;&#x430;&#x43B;&#x44C;&#x43D;&#x430;&#x44F; &#x441;&#x43A;&#x443;&#x43B;&#x44C;&#x43F;&#x442;&#x443;&#x440;&#x430; &#x43D;&#x430;&#x441;&#x435;&#x43B;&#x435;&#x43D;&#x438;&#x44F; &#x437;&#x430;&#x43F;&#x430;&#x434;&#x43D;&#x43E;&#x439; &#x447;&#x430;&#x441;&#x442;&#x438; &#x435;&#x432;&#x440;&#x430;&#x437;&#x438;&#x439;&#x441;&#x43A;&#x438;&#x445; &#x441;&#x442;&#x435;&#x43F;&#x435;&#x439; &#x44D;&#x43F;&#x43E;&#x445;&#x438; &#x440;&#x430;&#x43D;&#x43D;&#x435;&#x433;&#x43E; &#x436;&#x435;&#x43B;&#x435;&#x437;&#x430; /</subfield>
    <subfield code="c">&#x412;. &#x421;. &#x41E;&#x43B;&#x44C;&#x445;&#x43E;&#x432;&#x441;&#x43A;&#x438;&#x439;.</subfield>
  </datafield>
  <datafield tag="264" ind1=" " ind2=" ">
    <subfield code="a">&#x41C;&#x43E;&#x441;&#x43A;&#x432;&#x430; :</subfield>
    <subfield code="b">&#x41D;&#x430;&#x443;&#x43A;&#x430;, </subfield>
    <subfield code="c">2005.</subfield>
  </datafield>
  <datafield tag="300" ind1=" " ind2=" ">
    <subfield code="a">299 &#x441;&#x442;&#x440;.:</subfield>
    <subfield code="b">&#x438;&#x43B;&#x43B;. ;</subfield>
    <subfield code="c">27 &#x441;&#x43C;.</subfield>
  </datafield>
  <datafield tag="653" ind1=" " ind2=" ">
    <subfield code="a">&#x10D0;&#x10D3;&#x10E0;&#x10D4;&#x10E3;&#x10DA;&#x10D8; &#x10E0;&#x10D9;&#x10D8;&#x10DC;&#x10D8;&#x10E1; &#x10EE;&#x10D0;&#x10DC;&#x10D8;&#x10E1; &#x10D4;&#x10D5;&#x10E0;&#x10D0;&#x10D6;&#x10D8;&#x10E3;&#x10DA;&#x10D8; &#x10E1;&#x10E2;&#x10D4;&#x10DE;&#x10D4;&#x10D1;&#x10D8;&#x10E1; &#x10D3;&#x10D0;&#x10E1;&#x10D0;&#x10D5;&#x10DA;&#x10D4;&#x10D7; &#x10DC;&#x10D0;&#x10EC;&#x10D8;&#x10DA;&#x10D8;&#x10E1; &#x10DB;&#x10DD;&#x10E1;&#x10D0;&#x10EE;&#x10DA;&#x10D4;&#x10DD;&#x10D1;&#x10D8;&#x10E1; &#x10DB;&#x10DD;&#x10DC;&#x10E3;&#x10DB;&#x10D4;&#x10DC;&#x10E2;&#x10E3;&#x10E0;&#x10D8; &#x10E5;&#x10D0;&#x10DC;&#x10D3;&#x10D0;&#x10D9;&#x10D4;&#x10D1;&#x10D0;</subfield>
  </datafield>
  <datafield tag="942" ind1=" " ind2=" ">
    <subfield code="2">udc</subfield>
    <subfield code="c">BK</subfield>
  </datafield>
  <datafield tag="952" ind1=" " ind2=" ">
    <subfield code="0">0</subfield>
    <subfield code="1">0</subfield>
    <subfield code="2">udc</subfield>
    <subfield code="4">0</subfield>
    <subfield code="6">9029047347_&#x41E;56</subfield>
    <subfield code="7">0</subfield>
    <subfield code="9">96145</subfield>
    <subfield code="a">CPL</subfield>
    <subfield code="b">CPL</subfield>
    <subfield code="c">GEN</subfield>
    <subfield code="d">2023-10-24</subfield>
    <subfield code="g">15.00</subfield>
    <subfield code="o">902/904+73(47) &#x41E;-56</subfield>
    <subfield code="p">65397</subfield>
    <subfield code="r">2023-10-24</subfield>
    <subfield code="t">65397</subfield>
    <subfield code="u">&#x10D1;&#x10E1;&#x10E3;-&#x10E1; &#x10E1;&#x10D0;&#x10DE;&#x10D0;&#x10E2;&#x10D8;&#x10DD; &#x10D3;&#x10DD;&#x10E5;&#x10E2;&#x10DD;&#x10E0;&#x10D8;&#x10E1; &#x10D2;&#x10E3;&#x10E0;&#x10D0;&#x10DB; &#x10DA;&#x10DD;&#x10E0;&#x10D7;&#x10E5;&#x10D8;&#x10E4;&#x10D0;&#x10DC;&#x10D8;&#x10EB;&#x10D8;&#x10E1; &#x10E1;&#x10D0;&#x10E9;&#x10E3;&#x10E5;&#x10D0;&#x10E0;&#x10D8;</subfield>
    <subfield code="w">2023-10-24</subfield>
    <subfield code="y">BK</subfield>
    <subfield code="z">15 &#x10DA;.</subfield>
  </datafield>
</record>
